| 000 | 00459nam a22001817a 4500 | ||
|---|---|---|---|
| 001 | 00028837 | ||
| 005 | 20260422102624.0 | ||
| 008 | 260422b ag ||||| |||| 00| 0 spa d | ||
| 040 |
_bspa _cAR-CcCEOS |
||
| 080 | _a860-3(82) | ||
| 090 | _bBID | ||
| 100 |
_aJosé Bidegain _91094 |
||
| 245 |
_aLos etxeberri no paran de gritar / _cJosé Bidegain |
||
| 260 | _aBuenos Aires. | ||
| 300 | _c24x15 cm. | ||
| 650 | 0 | _aliteratura argentina | |
| 942 |
_2udc _cBK |
||
| 999 |
_c28878 _d28878 |
||
| 945 |
_a66467 _bMelina Rolando _c66467 _dMelina Rolando |
||